01445nam a2200289 a 4500001001000000003000900010005001700019007000300036008004100039020001500080040003000095082002000125100004400145245007000189264004400259300006200303336002700365337003300392338002800425590002600453942001400479952012800493952013300621952013300754952025100887999001701138000036083DO-SdBNP20250212095154.0ta111129s1999 dr ac 000 0 spa d a8493063878 aDO-SdBNPbspacBNPHUerda 4axxxxbA473j2221 aÁlvarez, Maritza,eautor4aut.92528710aJardines de luz : bcementerios dominicanos /cMaritza Álvarez. 4aSanto Domingo :bEditora Cole,c©1999. a203 páginas :bilustraciones, mapas, retratos ;c25 cm. atextobtxt2rdacontent asin mediaciónbn2rdamedia avolumenbnc2rdacarrier aInventariado, 2025/BT 2ddccLBS1 00102ddc51708PDaBNPHUbBNPHUcCTd2011-11-29l0oBNPHU PD A473jp36083-10r2020-06-25w2020-06-25yLBS1ZNo se presta 00102ddc51708PDaBNPHUbBNPHUcCTd2011-11-29l0oBNPHU PD A473jp36083-20r2020-06-25te. 2w2020-06-25yLBS1ZNo se presta 00102ddc56708DSaBNPHUbBNPHUcCTd2011-11-29l0oBNPHU DS A473jp36083-30r2020-06-25te. 3w2020-06-25yLBS1ZNo se presta 00102ddc56708DSaBNPHUbBNPHUcCTd2025-02-12eDonado por la Presidencia de la República Dominicana 2023.l0oBNPHU DS A473jp2025-0961r2025-02-12te.4w2025-02-12yLBS1zPerteneció a la biblioteca personal de René Rodríguez Soriano. c35574d35574